<?xml version="1.0" encoding="UTF-8"?>
<record
    xmlns:xsi="http://www.w3.org/2001/XMLSchema-instance"
    xsi:schemaLocation="http://www.loc.gov/MARC21/slim http://www.loc.gov/standards/marcxml/schema/MARC21slim.xsd"
    xmlns="http://www.loc.gov/MARC21/slim">

  <leader>00672caa a22001692a 4500</leader>
  <controlfield tag="001">  014904</controlfield>
  <controlfield tag="003">  AR-FADEU</controlfield>
  <controlfield tag="008">  311216n########xxu####################dd</controlfield>
  <datafield tag="092" ind1=" " ind2=" ">
    <subfield code="a">302.2</subfield>
    <subfield code="b">S173</subfield>
  </datafield>
  <datafield tag="100" ind1=" " ind2=" ">
    <subfield code="a">Fuenzalida, Valerio</subfield>
  </datafield>
  <datafield tag="245" ind1=" " ind2=" ">
    <subfield code="a">La recepci&#xF3;n activa</subfield>
  </datafield>
  <datafield tag="300" ind1=" " ind2=" ">
    <subfield code="a">PP. 141-150</subfield>
  </datafield>
  <datafield tag="500" ind1=" " ind2=" ">
    <subfield code="a">En: Los estudios de recepci&#xF3;n en Am&#xE9;rica Latina / Florencia Saintout. La Plata, Universidad Nacional de La Plata, 1998.</subfield>
  </datafield>
  <datafield tag="650" ind1=" " ind2=" ">
    <subfield code="a">RECEPCION-TEORIAS; LECTURA-RECEPCION; IDENTIDAD-RECEPCION; CONSUMIDORES</subfield>
  </datafield>
  <datafield tag="942" ind1=" " ind2=" ">
    <subfield code="c">BDGR</subfield>
  </datafield>
  <datafield tag="999" ind1=" " ind2=" ">
    <subfield code="c">20664</subfield>
    <subfield code="d">20664</subfield>
  </datafield>
  <datafield tag="773" ind1="0" ind2=" ">
    <subfield code="0">20630</subfield>
    <subfield code="9">20465</subfield>
    <subfield code="a">Saintout, Florencia</subfield>
    <subfield code="b"></subfield>
    <subfield code="d">La Plata</subfield>
    <subfield code="o">16588</subfield>
    <subfield code="t">Los estudios de recepci&#xF3;n en Am&#xE9;rica Latina</subfield>
    <subfield code="w">(  AR-FADEU)  014870</subfield>
    <subfield code="x"></subfield>
    <subfield code="z"></subfield>
  </datafield>
</record>
